000 00476nam a2200181Ia 4500
005 20250423101150.0
008 250422s9999 xx 000 0 und d
020 _a0679783334
050 _aPS 1294 .46/
100 _aChopin Kate
245 4 _aThe awakening: and other stories
260 _aNew York
260 _bModern Library
260 _c2000
300 _a375 p
650 _aWomen--Louisiana--Fiction. Louisiana--Social life and customs--Fiction.
942 _cBK
999 _c35491
_d35491